James Thomas Fields letter, (Record no. 41866)

MARC details
000 -LEADER
fixed length control field 00933cpcaa2200265 a 4500
001 - CONTROL NUMBER
control field mm 79005215
003 - CONTROL NUMBER IDENTIFIER
control field DLC
005 - DATE AND TIME OF LATEST TRANSACTION
control field 20260227111650.0
008 - FIXED-LENGTH DATA ELEMENTS--GENERAL INFORMATION
fixed length control field 790509|||||||||||| eng
010 ## - LIBRARY OF CONGRESS CONTROL NUMBER
LC control number mm 79005215
040 ## - CATALOGING SOURCE
Original cataloging agency DLC
Transcribing agency DLC
Modifying agency DLC
Description conventions dacs
072 #7 - SUBJECT CATEGORY CODE
Subject category code L
Source lcmd
100 1# - MAIN ENTRY--PERSONAL NAME
Personal name Fields, James Thomas,
Dates associated with a name 1817-1881.
245 00 - TITLE STATEMENT
Title James Thomas Fields letter,
Inclusive dates 1873.
300 ## - PHYSICAL DESCRIPTION
Extent 1
Type of unit item.
506 0# - RESTRICTIONS ON ACCESS NOTE
Terms governing access Open to research.
520 8# - SUMMARY, ETC.
Summary, etc. ALS (1873 August 7; Manchester, Mass.) from Fields concerning dates and other arrangements for a lecture.
545 0# - BIOGRAPHICAL OR HISTORICAL DATA
Biographical or historical data Author and publisher.
546 ## - LANGUAGE NOTE
Language note Collection material in English.
580 ## - LINKING ENTRY COMPLEXITY NOTE
Linking entry complexity note Forms part of: Miscellaneous Manuscripts collection.
656 #7 - INDEX TERM--OCCUPATION
Occupation Authors.
Source of term itoamc
656 #7 - INDEX TERM--OCCUPATION
Occupation Publishers.
Source of term itoamc

No items available.

Powered by Koha